Велимир Хлебников и русский авангард (Запись № 10325538)

Подробности
000 -МАРКЕР
контрольное поле 02146nam0a2200409 4500
001 - ИДЕНТИФИКАТОР ЗАПИСИ
контрольное поле RU\NLR\BIBL_A\010840736
005 - ИДЕНТИФИКАТОР ВЕРСИИ
контрольное поле 20260406162648.0
010 ## - МЕЖДУНАРОДНЫЙ СТАНДАРТНЫЙ НОМЕР КНИГИ (ISBN)
Номер (ISBN) 978-5-91172-104-6
Тираж 800
021 ## - НОМЕР ГОСУДАРСТВЕННОЙ РЕГИСТРАЦИИ
Код страны Российская Федерация
Номер 2015-58739
Номер Листа государственной регистраци 3474
035 ## - ДРУГИЕ СИСТЕМНЫЕ НОМЕРА
Идентификатор записи (NILC)RuMoRGB-007990310
035 ## - ДРУГИЕ СИСТЕМНЫЕ НОМЕРА
Идентификатор записи (NLR Aleph) 010840736
100 ## - ДАННЫЕ ОБЩЕЙ ОБРАБОТКИ
Данные общей обработки 20150915d2015 |||y0rusy50 ca
101 0# - ЯЗЫК РЕСУРСА
Язык текста, звукозаписи и т.д. русский
102 ## - СТРАНА ПУБЛИКАЦИИ ИЛИ ПРОИЗВОДСТВА
Страна публикации Российская Федерация
105 ## - ПОЛЕ КОДИРОВАННЫХ ДАННЫХ: ТЕКСТОВЫЕ МАТЕРИАЛЫ, МОНОГРАФИЧЕСКИЕ
Кодированные данные о монографическом текстовом документе ach|z|||100yy
200 1# - ЗАГЛАВИЕ И СВЕДЕНИЯ ОБ ОТВЕТСТВЕННОСТИ
Основное заглавие Велимир Хлебников и русский авангард
Сведения, относящиеся к заглавию материалы научной конференции, Великий Новгород, 17-19 октября 2013 г.
Первые сведения об ответственности [сост.: Т. В. Игошева]
210 ## - ПУБЛИКАЦИЯ, РАСПРОСТРАНЕНИЕ И ДР.
Место издания, распространения и т.д. Москва
Имя издателя, распространителя и т. д. Азбуковник
Дата издания, распространения и т.д. 2015
215 ## - ФИЗИЧЕСКАЯ ХАРАКТЕРИСТИКА
Специфическое обозначение материала и объем 335 с.
Другие сведения о физической характеристике ил., портр., факс.
Размеры 22
300 ## - ОБЩИЕ ПРИМЕЧАНИЯ
Текст примечания В надзаг.: Новгородский гос. ун-т им. Ярослава Мудрого
320 ## - ПРИМЕЧАНИЯ О НАЛИЧИИ В ДОКУМЕНТЕ БИБЛИОГРАФИИ / УКАЗАТЕЛЯ
Текст примечания Библиогр. в подстроч. примеч.
600 #1 - ИМЯ ЛИЦА КАК ПРЕДМЕТ
Начальный элемент ввода Хлебников
Часть имени, кроме начального элемента ввода В. В.
Даты 1885 - 1922
Расширение инициалов личного имени Велимир Владимирович
Формальный подзаголовок Съезды, совещания и т.п
Системный номер авторитетной/нормативной записи 1542119
Идентификатор авторитетной/нормативной записи RU\NLR\AUTH\66973648
606 1# - НАИМЕНОВАНИЕ ТЕМЫ КАК ПРЕДМЕТ
Наименование темы Авангардизм
Формальный подзаголовок Съезды, совещания и т.п
Тематический подзаголовок в литературе
Географический подзаголовок Россия
Системный номер авторитетной/нормативной записи 1083541
Идентификатор авторитетной/нормативной записи RU\NLR\AUTH\66104992
610 0# - НЕКОНТРОЛИРУЕМЫЕ ПРЕДМЕТНЫЕ ТЕРМИНЫ
Предметный термин авангардизм в русской поэзии
675 ## - УНИВЕРСАЛЬНАЯ ДЕСЯТИЧНАЯ КЛАССИФИКАЦИЯ (UDC/УДК)
Индекс 821.161.1.0
686 2# - ИНДЕКСЫ ДРУГИХ КЛАССИФИКАЦИЙ
Индекс Ш5(2=Р)53-4Хлебников
686 1# - ИНДЕКСЫ ДРУГИХ КЛАССИФИКАЦИЙ
Индекс Ш5(2=Р)53-328.8
702 #1 - ИМЯ ЛИЦА - ВТОРИЧНАЯ ОТВЕТСТВЕННОСТЬ
Начальный элемент ввода Игошева
Часть имени, кроме начального элемента ввода Т. В.
Расширение инициалов личного имени Татьяна Васильевна
Код отношения Составитель
702 #1 - ИМЯ ЛИЦА - ВТОРИЧНАЯ ОТВЕТСТВЕННОСТЬ
Код отношения Прочие
Материалы, к которым относится поле rus
Графика поля Кириллица
Начальный элемент ввода Хлебников
Часть имени, кроме начального элемента ввода В.
Даты 1885-1922
Расширение инициалов личного имени Велимир
Идентификатор авторитетной/нормативной записи RU\NLR\AUTH\779596
Системный номер авторитетной/нормативной записи 119416
711 12 - НАИМЕНОВАНИЕ ОРГАНИЗАЦИИ - АЛЬТЕРНАТИВНАЯ ОТВЕТСТВЕННОСТЬ
Начальный элемент ввода "Велимир Хлебников и русский авангард", научная конференция
Место проведения временной организации Великий Новгород
Дата проведения временной организации 2013
Системный номер авторитетной/нормативной записи 483556
Идентификатор авторитетной/нормативной записи RU\NLR\AUTH\880408760
801 #0 - ИСТОЧНИК ЗАПИСИ
Страна Российская Федерация
Организация РГБ
Дата составления 20150804
Правила каталогизации RCR
942 ## - ДОПОЛНИТЕЛЬНЫЕ ЭЛЕМЕНТЫ ЗАПИСИ (АБИС)
Тип экземпляра АБИС Книга
980 ## - КОЛЛЕКЦИЯ
Название коллекции НБР
980 ## - КОЛЛЕКЦИЯ
Название коллекции Национальная библиография
Экземпляры
Тип экземпляра Дата поступления Источник поступления Стоимость Библиотека постоянного хранения Библиотека текущего хранения Место хранения Шифр хранения Штрих-код Статус экземпляра
Книга 15.09.2015 Покупка 875.00 РНБ (Московский) РНБ (Московский) Фонд общего зала литературы по филологии, педагогике и искусству (гуманитарной литературы) Л1 Ш5(2=Р)7-4/Х-553-Х 1-1295328  
Книга 17.09.2015 Обязательный экземпляр 0.00 РНБ (Московский) РНБ (Московский) Русский книжный фонд: издания с 1957 года 2015-5/7132 1-1115410  
Книга 17.09.2015 Обязательный экземпляр 0.00 РНБ (Московский) РНБ (Московский) Русский книжный фонд: издания с 1957 года 2015-5/7132 1-1115409  
Книга 15.09.2015 Покупка 875.00 РНБ (Садовая) РНБ (Садовая) Универсальный читальный зал У Ш5(2=Р)7/Х-553х 1-1295327